L'activite' Cre'atrice Et L'enfant Lingua francese

שמור ב:
מידע ביבליוגרפי
מחבר ראשי: Clasca Ozinga
פורמט: ספר
שפה:שפה לא ידועה
יצא לאור: Vander
תגים: הוספת תג
אין תגיות, היה/י הראשונ/ה לתייג את הרשומה!

MARC

LEADER 00000nam a2200000Ia 4500
001 R-1512
003 CODICE-MESSINA
005 20260212102508.0
008 260211s9999 xx 000 0 und d
040 |c importazione_messina 
100 |a Clasca Ozinga 
245 0 |a L'activite' Cre'atrice Et L'enfant 
245 0 |b Lingua francese 
260 |b Vander 
942 |2 ddc  |c BK 
952 |0 0  |1 0  |2 ddc  |4 0  |6 SCAFFALE_14_000000000000000__ARTE  |7 0  |9 32350  |a ME  |b ME  |d 2026-02-11  |l 0  |o SCAFFALE 14 - ARTE  |p R-1512  |r 2026-02-11 23:53:08  |w 2026-02-11  |x [REVISIONARE]  |y BK 
999 |c 28017  |d 28017